Técnicas de configuración de ROUTERS CISCO
| Main Author: | |
|---|---|
| Format: | Section = Libro |
| Language: | Undetermined Spanish |
| Published: |
México
AISC
2011
|
| Subjects: |
| LEADER | 00512nam a2200193Ia 4500 | ||
|---|---|---|---|
| 008 | 240830s9999 xx 000 0 und d | ||
| 020 | |a 978-970-15-1377-4 | ||
| 040 | |a B-ESTELÍ- RUACS / 005.8 A696 | ||
| 041 | |a spa | ||
| 082 | |a 005.8 A696 | ||
| 100 | 1 | |a Ariganello, Ernesto | |
| 245 | 1 | 0 | |a Técnicas de configuración de ROUTERS CISCO |
| 260 | |a México |b AISC |c 2011 | ||
| 300 | |a 276 p | ||
| 650 | 7 | |a TECNICAS DE CONFIGURACION | |
| 650 | 7 | |b SEGURIDAD DE DATOS | |
| 942 | |c BK |2 ddc | ||
| 991 | |a TEXTO | ||
| 999 | |c 10601 | ||